000 00509pam a2200169 a 4500
020 _a8180616878
_c
041 _h
082 _a617.96
_bTEW/GAU
100 _aTEWARI, V .GAUTAM, P .MALHOTRA, N .
245 _aSTEP BY STEP ANAESTHESIA IN OBSTETRICS AND GYNAECOLOGY ( WITH CD) /
_cNULL.
_hTextual Documents
250 _a1
_b.
260 _aNULL :
_bJAYPEE BROTHERS MEDICAL PUB. ,
_c2006.
300 _a360 : :
_bXVI ; ;
_cA4 . +
_ePB.
504 _aOBST & GYNAE.
930 _a2918
999 _c797453
_d797453
650 _aANESTHESIA